00596cam a22002171 4500001001300000003000400013005001700017008004100034010001700075035002000092040001800112050002000130100001700150245004900167260001100216300002300227500001700250600003500267710005900302999001700361sa 66002240 DLC20260227112228.0890816s1965 ii 000 0 gujo  asa 66002240  a(OCoLC)20185474 aDLCcWaUdDLC00aDS479.1.L27bP31 aPatel, I. J.10aPañjābakesarī Lālā Lajapatarāya. c[1965] a12, 147 p.c19 cm. aIn Gujarati.20aLajpat Rai,cLala,d1865-1928.2 aLālā Lajapatarāya Śatābdī Samiti (Gujarat) c68243d68243